Francúzsko otvorilo pracovný trh aj pre Slovákov

Niekoľko charakteristík Francúzskej republiky. Čo urobiť pred a po príchode do Francúzska. Registračné procedúry a povolenie na pobyt. Pracovné povolenie. Ako si nájsť prácu. Druhy zamestnávania. Typy pracovných zmlúv. Samostatná zárobková činnosť. Dane a príjmy. Systém sociálneho zabezpečenia. Zast...

Ausführliche Beschreibung

Gespeichert in:
Bibliographische Detailangaben
1. Verfasser: Mésárošová, Renáta
Format: Buchkapitel
Sprache:Slowakisch
Schlagworte:
Tags: Tag hinzufügen
Keine Tags, Fügen Sie das erste Tag hinzu!

MARC

LEADER 00000naa$a2200000$$$4500
001 0080160
005 20231109095426.6
041 0 |a slo 
044 |a SK 
245 1 0 |a Francúzsko otvorilo pracovný trh aj pre Slovákov  |c Renáta Mésárošová 
520 |a Niekoľko charakteristík Francúzskej republiky. Čo urobiť pred a po príchode do Francúzska. Registračné procedúry a povolenie na pobyt. Pracovné povolenie. Ako si nájsť prácu. Druhy zamestnávania. Typy pracovných zmlúv. Samostatná zárobková činnosť. Dane a príjmy. Systém sociálneho zabezpečenia. Zastúpenie zamestnancov. 
610 2 0 |a trh práce 
610 2 0 |a práca 
610 2 0 |a pohyb síl pracovných medzinárodný 
610 2 0 |a podmienky pracovné 
610 2 0 |a zmluvy pracovné 
610 2 0 |a poistenie sociálne 
610 2 0 |a dane 
610 2 0 |a Francúzsko 
100 1 |a Mésárošová, Renáta